000 00796nam a2200217 i 4500
001 bg
100 1 _aDomański, Ryszard
_d(1928- ).
245 1 0 _aSystemy ekologiczno-ekonomiczne :
_bmodelowanie współzależności i rozwoju /
_cRyszard Domański.
260 _aWarszawa :
_bWydaw. Naukowe PWN,
_c1992.
300 _a118 s., [1] k. tabl. :
_brys., wykr. ;
_c24 cm.
490 1 _aStudia / Polska Akademia Nauk Komitet Przestrzennego Zagospodarowania Kraju,
_x0079-3507 ;
_vT.100
504 _aBibliogr. s. 114-116.
830 0 _aStudia (Polska Akademia Nauk Komitet Przestrzennego Zagospodarowania Kraju) ;
_vT.100
020 _a8301110643
040 _cBPK
041 _apol
080 _a574:504.03
920 _a83-01-11064-3
942 _cKS
008 s pl f |000 0 pol
999 _c29855
_d29855
856 _uhttp://koha.tu.koszalin.pl/cgi-bin/koha/opac-detail.pl?biblionumber=29855
_yKatalog online BPK